Oslavujme Pána! učebnica katolíckeho náboženstva pre štvrtý ročník základnej školy (západný obrad)

Bibliographic Details
Main Authors: Torkošová, Helena (Author), Papcunová, Ľudmila (Author), Duch, Jozef (Author)
Other Authors: Nedoroščíková, Angelika (Illustrator), Kýška, Matej, 1950- (Illustrator)
Format: Book
Language:Slovak
Published: Trnava Spolok svätého Vojtecha 2007
Edition:12. vyd.
Subjects:

MARC

LEADER 00000cam a2200000 a 4500
001 vtls009144391
003 SK-MaSNL
005 20260408094417.0
008 240314s2007 xo oal c p 000 0 slo
015 |a SNBA2008/09-04266 
020 |a 9788071626718  |q (brož.) 
035 |a 2041F4EF-EFF5-4239-AEEB-DD509F4CFA21 
035 |a urn:nbn:sk:snk-amk7h2 
035 |a urn:nbn:sk:snk-am008blj 
040 |a SNK  |b slo  |c SNK  |e AACR2 
041 0 |a slo 
044 |a xo  |c SK 
072 7 |a 27  |x Kresťanstvo. Kresťanská cirkev všeobecne. Ekleziológia  |2 konspekt 
080 |a (075.2)  |2 2001 
080 |a 272-1/-9  |2 2001 
080 |a 2-47  |2 2001 
100 1 |a Torkošová, Helena  |4 aut  |9 12139 
245 1 0 |a Oslavujme Pána!  |b učebnica katolíckeho náboženstva pre štvrtý ročník základnej školy (západný obrad)  |c Helena Torkošová, Ľudmila Papcunová, Jozef Duch ; ilustrátori: Angelika Nedoroščíková, P. Matej Kyška 
250 |a 12. vyd. 
260 |a Trnava  |b Spolok svätého Vojtecha  |c 2007 
300 |a 79 s.  |b fareb. fotogr. a ilustr., noty  |c 29 cm 
650 0 7 |a rímskokatolícke náboženstvo  |2 SNKPH  |9 67017 
650 0 7 |a Roman Catholic religion  |2 SNKPHeng  |9 318506 
650 0 7 |a náboženská výchova  |2 SNKPH  |9 67239 
650 0 7 |a Religious education  |2 SNKPHeng  |9 319854 
655 7 |a učebnice základných škôl  |2 SNKPH  |9 70187 
655 7 |a Textbooks (elementary)  |2 SNKPHeng  |9 276977 
700 1 |a Papcunová, Ľudmila  |4 aut  |9 46141 
700 1 |a Duch, Jozef  |4 aut  |9 9603 
700 1 |a Nedoroščíková, Angelika  |4 ill  |9 12976 
700 1 |a Kýška, Matej,  |d 1950-  |4 ill  |9 1636330 
919 |a 978-80-7162-671-8 
958 |a NT 
968 |d 37 
999 |c 1171069  |d 1172999 
952 |a SNK  |b SNK  |y PREZ  |7 0  |p 17A0596723  |o snkSB 76569  |i snk2008/15984  |8 0  |0 0  |1 0  |4 0  |d 2008-08-26  |f 1  |l 0  |r 2025-04-29 00:00:00  |w 2026-02-24 
952 |a SNK  |b SNK  |y VYP  |7 0  |p 17A0596724  |o snkSB 76569 D1  |i snk2008/15985  |8 0  |0 0  |1 0  |4 0  |d 2008-08-26  |l 0  |r 2016-06-30 00:00:00  |w 2026-02-24